000 00602cam a2200145 4500500
005 20260208002443.0
041 _afre
042 _adc
100 1 0 _aMasset, Claude
_eauthor
245 0 0 _aIrène Théry, Des humains comme les autres. Bioéthique, anonymat et genre du don, Paris, Éd. de l’École des hautes études en sciences sociales, 2010 309 p., bibl. (« Cas de figure » 14)
260 _c2011.
500 _a58
786 0 _nL'Homme | 200 | 4 | 2011-11-01 | p. 227o-274o | 0439-4216
856 4 1 _uhttps://shs.cairn.info/revue-l-homme-2011-4-page-227o?lang=fr&redirect-ssocas=7080
999 _c1646441
_d1646441